000 00721nam a2200289Ia 4500
005 20260324135348.0
008 008 260324s9999 xx 000 0 eng d
020 _a9781315245355
037 _aEBOOK
040 _aCRL
040 _beng
040 _cCRL
041 _2eng
041 _aeng
084 _qCRL
100 _aM. J. Lewis; Roger Lloyd-Jones
_91200318
245 0 _aRaleigh and the British Bicycle Industry
245 3 _bAn Economic and Business History, 1870–1960
260 _bTaylor and Francis
260 _c2000
365 _a
365 _b230
856 _uhttp://www.taylorfrancis.com/books/9781315245355
942 _cEBOOK
999 _c1801300
_d1801300